Zmluva medzi Slovenskou republikou a Českou republikou o sociálnom zabezpečení - jej vykonávanie a možnosti jej novelizácie

Obsah Zmluvy medzi Slovenskou republikou a Českou republikou o sociálnom zabezpečení z 29. 10. 1992 č. 318/1994 Z.z. Zmluva stanovuje podmienky nároku na štátne sociálne dávky a dávky a služby sociálnej starostlivosti. Komentár týkajúci sa jednotlivých článkov Zmluvy.

Saved in:
Bibliographic Details
Main Author: Gigliotti, Katarína
Other Authors: Miklátková, Erika
Format: Book Chapter
Language:Slovak
Subjects:
Tags: Add Tag
No Tags, Be the first to tag this record!

MARC

LEADER 00000naa a2200000 4500
001 r030072
005 20230807093058.8
041 0 |a slo 
044 |a SK 
245 1 0 |a Zmluva medzi Slovenskou republikou a Českou republikou o sociálnom zabezpečení - jej vykonávanie a možnosti jej novelizácie  |c Katarína Gigliotti, Erika Miklátková 
520 |a Obsah Zmluvy medzi Slovenskou republikou a Českou republikou o sociálnom zabezpečení z 29. 10. 1992 č. 318/1994 Z.z. Zmluva stanovuje podmienky nároku na štátne sociálne dávky a dávky a služby sociálnej starostlivosti. Komentár týkajúci sa jednotlivých článkov Zmluvy. 
610 2 0 |a zmluvy medzinárodné 
610 2 0 |a zabezpečenie sociálne 
610 2 0 |a zabezpečenie dôchodkové 
610 2 0 |a poistenie zdravotné 
610 2 0 |a poistenie nemocenské 
610 2 0 |a podpory v nezamestnanosti 
610 2 0 |a dávky sociálne 
610 2 0 |a Slovensko 
610 2 0 |a Česko 
610 2 0 |a zákony 
610 2 0 |a 1994 
100 1 |a Gigliotti, Katarína 
700 1 |a Miklátková, Erika